00732nas a2200229Ia 4500001002800000003001000028008004100038040002500079041001300104100001900117210001800136222001800154245003000172250001100202260000900213501012300222300001400345362002400359500007700383650002500460700001700485A50/R024-26527 [r000020281]IT-MiCISF161014c99999999xx |||||||||||| ||und|| aIT-MiCISFcIT-MiCISF aITALIANO aMacconi Chiara aFamiglia oggi aFamiglia oggi 0aNavigare su barca leggera a1a ed. c1998 bCISF - Centro Internazionale Studi Famiglia - Via Giotto, 36 20145 MILANO (non commercial uses only)cCopyright 2016 app. 44-53 an. 5, maggio [1998] a Tema: preadolescenza, educazione-morale, famiglia, scuola, cisf, valori aEDUCAZIONEvarticolo a Parma Paola